000 00675cam a2200181 a 4500
001 000015439
005 20200929164036.0
008 960321s1995 sp e 000 0 spa
020 _a8438000932 (obra completa)
020 _a8438000916 (Tomo I)
020 _a8438000924 (Tomo II)
040 _aDO-SdBNP
_bspa
_cBNPHU
100 1 _aDelgado, Pedro.
_934855
245 1 3 _aLa Real Acequia del Jarama /
_cPedro Delgado.
260 _aEspaña :
_bMinisterio de Obras Públicas, Transportes y Medio Ambiente, Direccion General de Obras Hidráulicas,
_c1995.
300 _av. :
_bil., mapas ;
_c34 cm.
500 _aIncluye referencias bibliográficas y notas al pie de las págianas
999 _c14996
_d14996